• 首页
  • 本馆介绍
  • 公告通知
  • 最新文献
  • 馆藏检索
  • 电子资源
  • 读者导购
  • 参考咨询
  • 我的图书馆
  • 登录
  • 详细信息显示
  • 放入我的书架
  • 预约/预借图书
  • 作者相关作品
  • 分类相关作品
  • 丛书相关作品
  • 出版社相关作品

书目信息

  • 表格格式
  • 工作单格式
  • 卡片格式
题名:
科学探索中的思维·作风·方法
    
 
作者: 张汉如 编
分册:  
出版信息: 天津   天津人民出版社  1984
页数: 286页
开本: 19cm
丛书名: 当代大学生丛书
单 册:
中图分类: G304
科图分类:
主题词: 科学研究--研究方法
电子资源:
ISBN:
000 00702nam2 2200253 45
001 0184004789
005 20070724103543.62
010    @dCNY0.77
091    @aCN@b3072.604
100    @a19950420d1984 emky0chiy0121 ea
101 0  @achi
102    @aCN@b120000
105    @ay z 000yy
200 10 @a科学探索中的思维·作风·方法@Ake xue tan suo zhong de si wei· zuo feng· fang fa@f张汉如编
210    @a天津@c天津人民出版社@d1984
215    @a286页@d19cm
225 2  @a当代大学生丛书
410  0 @120010@a当代大学生丛书
606    @a科学研究@x研究方法
690    @aG304@v3
701  0 @a张汉如@Azhang han ru@4编
801  2 @aCN@bNLC@c20070724
801  0 @aCN@bTSSF
905    @a10447@dG304@e152
    
    科学探索中的思维·作风·方法/张汉如编.-天津:天津人民出版社,1984
    286页;19cm.-(当代大学生丛书)
    
    
    ISBN :CNY0.77
    
●
相关链接 在E读中查询图书 在五车中查询图书 在当当中查询图书 在豆瓣中查询图书


正题名:科学探索中的思维·作风·方法     索取号:G304/152         预约/预借

序号 登录号 条形码 馆藏地/架位号 状态 备注
1 0769444   207694440   第一样本阅览室/ [索取号:G304/152] 在馆    
唐山师范学院图书馆 欢迎您!
大连网信软件有限公司© 版权所有